| 000 | 00386pab a2200145 454500 | ||
|---|---|---|---|
| 008 | 180718b1988 xxu||||| |||| 00| 0 eng d | ||
| 100 | _aOrten, James D. | ||
| 245 | _aSimilarities and difference in the U.S. and South African civil rights struggles | ||
| 260 | _c1988 | ||
| 300 | _a299-303 | ||
| 362 | _aJul.-Aug. | ||
| 650 | _aCivil Liberties | ||
| 773 | _aSocial Work | ||
| 909 | _a5633 | ||
| 999 |
_c5633 _d5633 |
||